LIBRARY & INFORMATION CENTRE, KCAET, TAVANUR

ONLINE PUBLIC ACCESS CATALOGUE (OPAC)

Principles of horticulture / (Record no. 15470)

MARC details
000 -LEADER
fixed length control field 01373nam a22001697a 4500
003 - CONTROL NUMBER IDENTIFIER
control field OSt
008 - FIXED-LENGTH DATA ELEMENTS--GENERAL INFORMATION
fixed length control field 220218b ||||| |||| 00| 0 eng d
020 ## - INTERNATIONAL STANDARD BOOK NUMBER
ISBN 978817542387
082 ## - DEWEY DECIMAL CLASSIFICATION NUMBER
Classification number 635
Item number PRA/PR
100 ## - MAIN ENTRY--AUTHOR NAME
Personal name Prasad,S.
245 ## - TITLE STATEMENT
Title Principles of horticulture /
260 ## - PUBLICATION, DISTRIBUTION, ETC. (IMPRINT)
Place of publication Jodhpur ;
Name of publisher Agrobios ,
Year of publication 2017.
300 ## - PHYSICAL DESCRIPTION
Number of Pages 580p.
505 ## - FORMATTED CONTENTS NOTE
Formatted contents note 1. History nature and scope of horticulture. 2. Divisions of horticulture. 3. Classifying and naming horticultural plants. 4. Climate and weather. 5. Soils environment and plant growth. 6. Plant water relations and management. 7. Growth and development of horticultural crops a physiological approach. 8. Stress physiology of horticultural crops. 9. Mineral nutrition and the inorganic fertilizer support. 10. Manures and biofertilizers for horticultural crops. 11. Methods of cultivation. 12. Methods of irrigation. 13. Soilless production of horticultural crops (water sand and gravel culture). 14. Greenhouse construction and related equipments. 15. Plant growth substances (physiological molecular and agricultural aspects). 16. Plant growth regulators methods of application and evaluation of responses. 17. Weed management principles and practices. 18. Mulches. 19. Diseases of horticultural crops. 20. Management of pests and soil organisms. 21. Synseeds or synthetic seeds.
700 ## - ADDED ENTRY--PERSONAL NAME
Personal name Kumar,U.
942 ## - ADDED ENTRY ELEMENTS (KOHA)
Koha item type Books
Holdings
Withdrawn status Lost status Damaged status Collection code Home library Current library Shelving location Date acquired Source of acquisition Full call number Accession Number Koha item type
        KAUAET KAUAET General Stacks 18/03/2018 Neoti book agency 635 PRA/PR 25615 Books
free website counter